000
00330 a2200157 4500
001
169045
020
_a
040
_c
Magnum
100
_a
Brandao, Carlos Rodrigues
240
1
0
_a
Pesquisa participante
_l
por
245
1
0
_a
Pesquisa participante
362
0
_a
1899
440
1
_a
Brasiliense
697
_a
GERAL
942
_c
BK
999
_c
169045
_d
169045